German Military Aircraft Quiz - Wehrmacht - Statistics

General Stats
  • This quiz has been taken 19 times
    7 since last reset
  • The average score is 28 of 92
Answer Stats
Picture Hint Answer % Correct
Messerschmitt Bf 109
83%
Messerschmitt Bf 110
83%
Junkers Ju 87 Stuka
83%
Junkers Ju 88
83%
Messerschmitt Me 163 Komet
67%
Arado Ar 196
50%
Dornier Do 17 Fliegender Bleistift
50%
Dornier Do 335 Pfeil
50%
Heinkel He 111
50%
Junkers Ju 52 Tante Ju
50%
Messerschmitt Me 210
50%
Messerschmitt Me 262 Schwalbe
50%
Arado Ar 232 Tausendfüßler
33%
Arado Ar 234 Blitz
33%
Arado Ar 68
33%
Bachem Ba 349 Natter
33%
Messerschmitt Bf 108 Taifun
33%
Bücker Bü 131 Jungmann
33%
Blohm & Voss BV 138 Seedrache
33%
Blohm & Voss BV 222 Wiking
33%
Dornier Do 18
33%
Dornier Do 24
33%
Dornier Do 26
33%
Fieseler Fi 156 Storch
33%
Fieseler Fi 167
33%
Focke-Wulf Fw 189 Uhu
33%
Focke-Wulf Fw 190 Würger
33%
Focke-Wulf Fw 200 Condor
33%
Heinkel He 100
33%
Heinkel He 114
33%
Heinkel He 115
33%
Heinkel He 116
33%
Heinkel He 162 Volksjäger
33%
Heinkel He 177 Greif
33%
Heinkel He 178
33%
Heinkel He 51
33%
Heinkel He 70 Blitz
33%
Henschel Hs 123
33%
Henschel Hs 126
33%
Henschel Hs 129
33%
Junkers Ju 188 Rächer
33%
Junkers Ju 252
33%
Junkers Ju 288
33%
Junkers Ju 290
33%
Junkers Ju 352 Herkules
33%
Junkers Ju 388 Störtebeker
33%
Junkers Ju 90
33%
Messerschmitt Me 321 Gigant
33%
Messerschmitt Me 323 Gigant
33%
Messerschmitt Me 410 Hornisse
33%
Focke-Wulf Ta 152
33%
Focke-Wulf Ta 154 Moskito
33%
Arado Ar 199
17%
Arado Ar 65
17%
Arado Ar 66
17%
Arado Ar 76
17%
Arado Ar 95
17%
Arado Ar 96
17%
Bücker Bü 133 Jungmeister
17%
Bücker Bü 181 Bestmann
17%
Blohm & Voss BV 141
17%
Blohm & Voss BV 40
17%
DFS DFS 230
17%
Dornier Do 11
17%
Dornier Do 215 Fliegender Bleistift
17%
Dornier Do 217 Fliegender Bleistift
17%
Dornier Do 23
17%
Focke-Achgelis Fa 223 Drache
17%
Focke-Achgelis Fa 330 Bachstelze
17%
Siebel Fh 104 Hallore
17%
Fieseler Fi 103R Reichenberg
17%
Fieseler Fl 282 Kolibri
17%
Focke-Wulf Fw 187 Falke
17%
Focke-Wulf Fw 44 Stieglitz
17%
Focke-Wulf Fw 56 Stösser
17%
Focke-Wulf Fw 58 Weihe
17%
Gotha Go 145
17%
Gotha Go 242
17%
Gotha Go 244
17%
Blohm & Voss Ha 139
17%
Blohm & Voss Ha 142
17%
Heinkel He 280
17%
Heinkel He 45
17%
Heinkel He 46
17%
Heinkel He 50
17%
Heinkel He 59
17%
Heinkel He 60
17%
Heinkel He 72 Kadett
17%
Junkers Ju 86
17%
Klemm Kl 35
17%
Siebel Si 204
17%
Junkers W 34
17%
No matching quizzes found
Score Distribution
Percent of People with Each Score
Percentile by Number Answered
Your Score History
You have not taken this quiz since the last reset